[Event "2. AUT Bundesliga 2020-21"]
[Site "Graz"]
[Date "2021.04.11"]
[Round "5.13"]
[White "Frank, Emanuel"]
[Black "Enoeckl, Philipp"]
[Result "*"]
[WhiteElo "2242"]
[BlackElo "2290"]
[Annotator "RC"]
[PlyCount "43"]
[EventDate "2021.01.17"]
[EventType "team-tourn"]
[EventCountry "AUT"]
[SourceTitle "playchess.com"]
[Source "ChessBase"]
[SourceQuality "1"]
[TimeControl "40/5400+30:1800+30"]

1. d4 {[%emt 0:00:00]} g6 {[%emt 0:00:00]} 2. c4 {[%emt 0:00:00]} Bg7 {[%emt 0:00:00]} 3. e4 {[%emt 0:00:00]} d6 {[%emt 0:00:00]} 4. Ne2 {[%emt 0:00:00]} e5 {[%emt 0:04:09]} 5. Nbc3 {[%emt 0:00:37]} Nc6 {[%emt 0:01:12]} 6. d5 {[%emt 0:02:58]} Nd4 {[%emt 0:02:07]} 7. Be3 {[%emt 0:03:45]} Nxe2 {[%emt 0:14:04]} 8. Bxe2 {[%emt 0:00:30]} f5 {[%emt 0:00:12]} 9. exf5 {[%emt 0:11:19]} gxf5 {[%emt 0:00:08]} 10. Bh5+ {[%emt 0:00:25]} Kf8 {[%emt 0:00:10]} 11. O-O {[%emt 0:03:07]} Nf6 {[%emt 0:05:01]} 12. Be2 {[%emt 0:00:59]} a6 {[%emt 0:14:35]} 13. f4 {[%emt 0:05:41]} e4 {[%emt 0:01:21]} 14. Bd4 {[%emt 0:03:28]} h5 {[%emt 0:03:58]} 15. h3 {[%emt 0:17:21]} Qe7 {[%emt 0:06:14]} 16. Qd2 {[%emt 0:05:01]} Bd7 {[%emt 0:03:49]} 17. Nd1 {[%emt 0:05:14]} a5 {[%emt 0:07:46]} 18. Ne3 {[%emt 0:01:25]} b6 {[%emt 0:04:36]} 19. b3 {[%emt 0:01:41]} Qf7 {[%emt 0:01:06]} 20. a3 {[%emt 0:02:12]} Qg6 {[%emt 0:06:35]} 21. b4 {[%emt 0:02:01]} Qg3 {[%emt 0:03:04]} 22. c5 {[%emt 0:10:32]} *

[Event "2. AUT Bundesliga 2020-21"]
[Site "Graz"]
[Date "2021.04.11"]
[Round "5.14"]
[White "Breneis, Lukas"]
[Black "Riemelmoser, Franz"]
[Result "*"]
[WhiteElo "2252"]
[BlackElo "2235"]
[Annotator "RC"]
[PlyCount "55"]
[EventDate "2021.01.17"]
[EventType "team-tourn"]
[EventCountry "AUT"]
[SourceTitle "playchess.com"]
[Source "ChessBase"]
[SourceQuality "1"]
[TimeControl "40/5400+30:1800+30"]

1. e4 {[%emt 0:00:00]} e6 {[%emt 0:00:00]} 2. d3 {[%emt 0:00:00]} d5 {[%emt 0:00:33]} 3. Qe2 {[%emt 0:00:00]} dxe4 {[%emt 0:02:52]} 4. dxe4 {[%emt 0:00:00]} e5 {[%emt 0:00:16]} 5. Nf3 {[%emt 0:00:00]} Bd6 {[%emt 0:00:44]} 6. Bg5 {[%emt 0:00:37]} Ne7 {[%emt 0:03:30]} 7. Nc3 {[%emt 0:00:07]} h6 {[%emt 0:00:31]} 8. Bh4 {[%emt 0:00:47]} Nbc6 {[%emt 0:04:49]} 9. O-O-O {[%emt 0:00:06]} Bg4 {[%emt 0:00:46]} 10. Nb5 {[%emt 0:03:55]} a6 {[%emt 0:01:20]} 11. Nxd6+ {[%emt 0:00:03]} cxd6 {[%emt 0:00:11]} 12. Qd2 {[%emt 0:05:42]} g5 {[%emt 0:02:56]} 13. Bg3 {[%emt 0:00:02]} Nd4 {[%emt 0:02:16]} 14. Nxd4 {[%emt 0:00:04]} Bxd1 {[%emt 0:00:29]} 15. Qxd1 {[%emt 0:00:05]} exd4 {[%emt 0:00:34]} 16. Qxd4 {[%emt 0:00:15]} O-O {[%emt 0:01:20]} 17. Bc4 {[%emt 0:18:29]} Nc6 {[%emt 0:02:30]} 18. Qe3 {[%emt 0:04:16]} Qf6 {[%emt 0:06:14]} 19. h4 {[%emt 0:09:10]} g4 {[%emt 0:02:46]} 20. f3 {[%emt 0:10:08]} gxf3 {[%emt 0:08:18]} 21. gxf3 {[%emt 0:00:46]} Rac8 {[%emt 0:04:39]} 22. Bd5 {[%emt 0:08:13]} Kh7 {[%emt 0:12:06]} 23. Rd1 {[%emt 0:07:00]} Rg8 {[%emt 0:09:52]} 24. Be1 {[%emt 0:03:25]} Ne5 {[%emt 0:04:20]} 25. Bc3 {[%emt 0:03:36]} Rg3 {[%emt 0:01:33]} 26. Bxb7 {[%emt 0:03:03]} Rc7 {[%emt 0:05:48]} 27. Qb6 {[%emt 0:06:04]} Rxc3 {[%emt 0:00:08]} 28. bxc3 {[%emt 0:00:22]} *

[Event "2. AUT Bundesliga 2020-21"]
[Site "Graz"]
[Date "2021.04.11"]
[Round "5.15"]
[White "Frank, Paul"]
[Black "Meyer, Gordon"]
[Result "1/2-1/2"]
[WhiteElo "2177"]
[BlackElo "2216"]
[Annotator "TA"]
[PlyCount "59"]
[EventDate "2021.01.17"]
[EventType "team-tourn"]
[EventCountry "AUT"]
[SourceTitle "playchess.com"]
[Source "ChessBase"]
[SourceQuality "1"]

{[%evp 24,59,66,48,58,21,47,47,66,62,64,56,109,64,74,18,2,14,25,0,0,0,0,0,0,0,0,0,4,3,48,38,31,0,0,0,0,0]} 1. Nf3 Nf6 2. g3 g6 3. Bg2 Bg7 4. O-O O-O 5. d4 d6 6. c4 Nc6 7. h3 a6 8. Nc3 Bd7 9. e4 e5 10. Be3 Qc8 11. Kh2 exd4 12. Nxd4 Ne5 13. b3 Re8 {[#] E63: King's Indian: Fianchetto: Panno Variation with 7...a6.} 14. Nd5 $146 ({Predecessor:} 14. Rc1 h5 15. Nd5 c5 16. Ne2 Nxd5 17. cxd5 Bb5 18. a4 Bxe2 19. Qxe2 b5 20. f4 Nd7 21. Qd3 {0-1 (30) Merkle,E (2160)-Will,D (2140) Hessen 2018}) 14... Nxd5 15. cxd5 c5 {White is slightly better.} 16. dxc6 $1 Nxc6 17. Rc1 Qc7 (17... Qd8 $14) 18. Ne2 Qa5 19. Qd2 ({Better is} 19. a4 $16) 19... Qxd2 $11 20. Bxd2 d5 21. exd5 (21. Nc3 {seems wilder.} dxe4 22. Nxe4 Nd4 23. Be3 Nf5 24. Bg5) 21... Rxe2 22. dxc6 Bxc6 23. Bxc6 bxc6 24. Be3 Rxa2 25. Rxc6 Ra1 26. Kg2 h5 27. Rxa1 Bxa1 28. Kf3 a5 29. Ke2 a4 30. bxa4 {Weighted Error Value: White=0.17/Black=0.10} 1/2-1/2

[Event "2. AUT Bundesliga 2020-21"]
[Site "Graz"]
[Date "2021.04.11"]
[Round "5.16"]
[White "Wiesinger, Robert"]
[Black "Heindl, Matthias"]
[Result "*"]
[WhiteElo "2239"]
[BlackElo "2200"]
[Annotator "RC"]
[PlyCount "40"]
[EventDate "2021.01.17"]
[EventType "team-tourn"]
[EventCountry "AUT"]
[SourceTitle "playchess.com"]
[Source "ChessBase"]
[SourceQuality "1"]
[TimeControl "40/5400+30:1800+30"]

1. e4 {[%emt 0:00:00]} c5 {[%emt 0:00:00]} 2. Nf3 {[%emt 0:00:00]} g6 {[%emt 0:00:00]} 3. d4 {[%emt 0:00:05]} cxd4 {[%emt 0:00:00]} 4. Nxd4 {[%emt 0:00:07]} Bg7 {[%emt 0:00:00]} 5. c4 {[%emt 0:00:32]} Nc6 {[%emt 0:00:33]} 6. Be3 {[%emt 0:00:18]} Nf6 {[%emt 0:00:04]} 7. Nc3 {[%emt 0:00:14]} O-O {[%emt 0:00:06]} 8. Be2 {[%emt 0:01:31]} d6 {[%emt 0:00:05]} 9. f3 {[%emt 0:00:13]} Bd7 {[%emt 0:00:23]} 10. Qd2 {[%emt 0:00:38]} Nxd4 {[%emt 0:00:28]} 11. Bxd4 {[%emt 0:00:17]} a5 {[%emt 0:00:18]} 12. h4 {[%emt 0:01:56]} Bc6 {[%emt 0:10:56]} 13. h5 {[%emt 0:05:46]} a4 {[%emt 0:04:15]} 14. hxg6 {[%emt 0:04:10]} fxg6 {[%emt 0:12:25]} 15. g4 {[%emt 0:14:29]} Qa5 {[%emt 0:02:57]} 16. O-O-O {[%emt 0:00:57]} Rac8 {[%emt 0:22:46]} 17. Kb1 {[%emt 0:02:02]} Qb4 {[%emt 0:03:35]} 18. a3 {[%emt 0:21:22]} Qa5 {[%emt 0:04:42]} 19. c5 {[%emt 0:10:07]} e5 {[%emt 0:11:06]} 20. Be3 {[%emt 0:06:44]} dxc5 {[%emt 0:01:42]} *

[Event "2. AUT Bundesliga 2020-21"]
[Site "Graz"]
[Date "2021.04.11"]
[Round "5.17"]
[White "Hafner, Robert"]
[Black "Raber, Florian"]
[Result "*"]
[WhiteElo "2006"]
[BlackElo "2128"]
[Annotator "RC"]
[PlyCount "50"]
[EventDate "2021.01.17"]
[EventType "team-tourn"]
[EventCountry "AUT"]
[SourceTitle "playchess.com"]
[Source "ChessBase"]
[SourceQuality "1"]
[TimeControl "40/5400+30:1800+30"]

1. d4 {[%emt 0:00:00]} d5 {[%emt 0:00:00]} 2. e3 {[%emt 0:00:00]} c6 {[%emt 0:00:37]} 3. Nf3 {[%emt 0:00:00]} Bf5 {[%emt 0:00:17]} 4. Be2 {[%emt 0:00:00]} Nf6 {[%emt 0:00:15]} 5. O-O {[%emt 0:00:01]} h6 {[%emt 0:00:51]} 6. b3 {[%emt 0:00:16]} e6 {[%emt 0:00:11]} 7. Bb2 {[%emt 0:03:19]} Be7 {[%emt 0:00:38]} 8. Nbd2 {[%emt 0:00:05]} Nbd7 {[%emt 0:00:32]} 9. c4 {[%emt 0:00:06]} O-O {[%emt 0:00:19]} 10. Rc1 {[%emt 0:02:50]} a5 {[%emt 0:04:45]} 11. a3 {[%emt 0:00:05]} Bh7 {[%emt 0:05:36]} 12. Re1 {[%emt 0:03:12]} Ne4 {[%emt 0:05:36]} 13. Nxe4 {[%emt 0:00:06]} Bxe4 {[%emt 0:00:10]} 14. Nd2 {[%emt 0:04:30]} Bh7 {[%emt 0:02:29]} 15. Bf1 {[%emt 0:00:10]} Nf6 {[%emt 0:06:18]} 16. g3 {[%emt 0:05:06]} Bd6 {[%emt 0:04:42]} 17. Qe2 {[%emt 0:14:36]} Qe7 {[%emt 0:01:58]} 18. Ra1 {[%emt 0:00:06]} Ne4 {[%emt 0:11:47]} 19. Nxe4 {[%emt 0:00:07]} Bxe4 {[%emt 0:00:08]} 20. Bg2 {[%emt 0:27:41]} Bxg2 {[%emt 0:02:58]} 21. Kxg2 {[%emt 0:00:04]} f5 {[%emt 0:05:57]} 22. c5 {[%emt 0:15:23]} Bc7 {[%emt 0:00:22]} 23. f4 {[%emt 0:00:07]} g5 {[%emt 0:11:42]} 24. Bc3 {[%emt 0:00:24]} Qg7 {[%emt 0:09:45]} 25. Kh1 {[%emt 0:01:45]} h5 {[%emt 0:03:17]} *

[Event "2. AUT Bundesliga 2020-21"]
[Site "Graz"]
[Date "2021.04.11"]
[Round "5.18"]
[White "Ring, Rudolf"]
[Black "Tusha, John"]
[Result "*"]
[WhiteElo "1737"]
[BlackElo "1783"]
[Annotator "NA RC"]
[PlyCount "58"]
[EventDate "2021.01.17"]
[EventType "team-tourn"]
[EventCountry "AUT"]
[SourceTitle "playchess.com"]
[Source "ChessBase"]
[SourceQuality "1"]
[TimeControl "40/5400+30:1800+30"]

1. e4 {[%emt 0:00:00]} e5 {[%emt 0:00:00]} 2. Nf3 {[%emt 0:00:30]} Nf6 {[%emt 0:00:30]} 3. Nc3 {[%emt 0:00:30]} Nc6 {[%emt 0:00:30]} 4. Bc4 {[%emt 0:00:00]} Nxe4 {[%emt 0:00:00]} 5. Bxf7+ {[%emt 0:00:55]} Kxf7 {[%emt 0:00:00]} 6. Nxe4 {[%emt 0:00:18]} d5 {[%emt 0:00:00]} 7. Neg5+ {[%emt 0:16:30]} Kg8 {[%emt 0:00:00]} 8. d3 {[%emt 0:00:41]} h6 {[%emt 0:00:00]} 9. Nh3 {[%emt 0:00:21]} Bg4 {[%emt 0:00:00]} 10. Qd2 {[%emt 0:02:50]} Bxf3 {[%emt 0:16:29]} 11. gxf3 {[%emt 0:00:31]} Nd4 {[%emt 0:00:17]} 12. Ng1 {[%emt 0:02:12]} Qf6 {[%emt 0:00:37]} 13. Qd1 {[%emt 0:01:56]} Qg6 {[%emt 0:00:47]} 14. Kf1 {[%emt 0:02:13]} Nf5 {[%emt 0:12:32]} 15. Ne2 {[%emt 0:05:32]} Qh5 {[%emt 0:04:14]} 16. Ng1 {[%emt 0:05:06]} Nh4 {[%emt 0:02:24]} 17. h3 {[%emt 0:04:59]} Bd6 {[%emt 0:00:59]} 18. Bd2 {[%emt 0:01:41]} Rf8 {[%emt 0:01:34]} 19. f4 {[%emt 0:02:31]} Qxd1+ {[%emt 0:28:46]} 20. Rxd1 {[%emt 0:00:02]} exf4 {[%emt 0:00:26]} 21. f3 {[%emt 0:02:37]} Nf5 {[%emt 0:01:04]} 22. Kg2 {[%emt 0:09:15]} Nh4+ {[%emt 0:05:25]} 23. Kf1 {[%emt 0:03:59]} Re8 {[%emt 0:02:43]} 24. c3 {[%emt 0:01:19]} Nf5 {[%emt 0:03:12]} 25. Kf2 {[%emt 0:01:55]} g5 {[%emt 0:01:38]} 26. Ne2 {[%emt 0:04:18]} Rxe2+ {[%emt 0:01:43]} 27. Kxe2 {[%emt 0:00:21]} Ng3+ {[%emt 0:00:07]} 28. Kf2 {[%emt 0:00:17]} Nxh1+ {[%emt 0:00:05]} 29. Rxh1 {[%emt 0:00:09]} Rh7 {[%emt 0:01:55]} *